000
00290nam a22001217a 4500
008
170404b xxu||||| |||| 00| 0 eng d
041
_a
eng
080
_a
574
100
_a
9
101
_a
SHM
245
_a
PEROCEEDINGS OF SOIL EROSION AND PRODUCTIVITY WORKSHOP
_c
GAST, G.G
942
_2
udc
_c
BK
999
_c
9596
_d
9596